000 01042cam a22003137a 4500
003 CHAP
005 20220329142708.0
008 070911d1996 ch r 00110 spa d
010 _a86605
011 _a87577
022 0 _a1014-5613
035 _a98121
040 _cCHAP
090 _aFolleto 16521
110 0 _aComisión Interamericana de Derechos Humanos
_925735
245 1 0 _aLos derechos de los trabajadores migratorios
_c/por Centro de Derechos Humanos
260 _aWashington, D.C. :
_bCentro de Derechos Humanos,
_c1996.
300 _a69 p.
490 0 _aFolleto informativo sobre los derechos humanos ;
_v24
590 _aBATCH-UPD
_b10
_c20130110
_lUCH01
_h0753
590 _aCONVERSION
_b10
_c20130109
_lUCH01
_h1348
650 1 4 _aDerechos humanos.
_931916
650 1 4 _aTrabajadores migratorios.
_9114475
830 0 0 _aFolleto informativo sobre los derechos humanos ;
_v24
_942047
901 _aBK
905 _aMayto Villalobos S.
942 _cFOLL
949 _aFolleto 16521
_bBC
_cFOLL
_d33724002004595
_eTS1
_i98121
_sb
999 _c86605
_d86605